The last days of Hitler
Đã lưu trong:
| Príomhúdar: | |
|---|---|
| Formáid: | Leabhar |
| Teanga: | Undetermined |
| Foilsithe: |
New York
The Macmillan Company
1947
|
| Ábhair: | |
| Clibeanna: |
Cuir Clib Leis
Gan Chlibeanna, Bí ar an gcéad duine leis an taifead seo a chlibeáil!
|
| Thư viện lưu trữ: | Trung tâm Học liệu Trường Đại học Cần Thơ |
|---|
| LEADER | 00497nam a2200181Ia 4500 | ||
|---|---|---|---|
| 001 | CTU_80993 | ||
| 008 | 210402s9999 xx 000 0 und d | ||
| 082 | |a 943.086 | ||
| 082 | |b T815 | ||
| 100 | |a Trevor-Roper, H. R. | ||
| 245 | 4 | |a The last days of Hitler | |
| 245 | 0 | |c H. R. Trevor-Roper | |
| 260 | |a New York | ||
| 260 | |b The Macmillan Company | ||
| 260 | |c 1947 | ||
| 650 | |a Hitler, Adolf (1889-1945) | ||
| 904 | |i Nguyên,Hải | ||
| 980 | |a Trung tâm Học liệu Trường Đại học Cần Thơ | ||